There is a Crack in Everything—Education and Religion in a Secular Age (Record no. 191928)

MARC details
000 -LEADER
fixed length control field 00512nmm a2200145Ia 4500
020 ## - INTERNATIONAL STANDARD BOOK NUMBER
ISBN 9783039212774
100 ## - MAIN ENTRY--PERSONAL NAME
Personal name (Ina) ter Avest, K. H.
245 #0 - TITLE STATEMENT
Title There is a Crack in Everything—Education and Religion in a Secular Age
260 ## - PUBLICATION, DISTRIBUTION, ETC. (IMPRINT)
Place of publication MDPI - Multidisciplinary Digital Publishing Institute
Year of publication 2019
650 ## - SUBJECT ADDED ENTRY--TOPICAL TERM
Topical Term classroom observation
856 ## - ELECTRONIC LOCATION AND ACCESS
Uniform Resource Identifier https://directory.doabooks.org/handle/20.500.12854/60864
942 ## - ADDED ENTRY ELEMENTS (KOHA)
Koha item type
Holdings
Withdrawn status Lost status Damaged status Not for loan Permanent Location Current Location Date acquired Price effective from Koha item type
        Library and Documentation Division NCERT Library and Documentation Division NCERT 11/20/2024 11/20/2024